[Event "GER-chT North U12"]
[Site "Magdeburg"]
[Date "2013.09.14"]
[Round "6.3"]
[White "Huebener, Tim"]
[Black "Gundermann, Alexander"]
[Result "1-0"]
[WhiteElo "938"]
[BlackElo "1057"]
[PlyCount "109"]
[EventDate "2013.09.12"]
[EventType "team-swiss"]
[EventRounds "7"]
[EventCountry "GER"]
[SourceTitle "EXT 2014"]
[Source "ChessBase"]
[SourceDate "2013.11.20"]
[SourceVersion "1"]
[SourceVersionDate "2013.11.20"]
[SourceQuality "1"]
[WhiteTeam "Weissenfels Roland"]
[BlackTeam "Hamburg Eppendorf"]
[WhiteTeamCountry "GER"]
[BlackTeamCountry "GER"]

1. e4 e5 2. Nf3 Nc6 3. d4 exd4 4. Nxd4 Nf6 5. e5 Nd5 6. Nxc6 bxc6 7. Bc4 Nb6 8. Bb3 Ba6 9. Qh5 g6 10. Qf3 Qe7 11. Qf6 Qxf6 12. exf6 0-0-0 13. Bxf7 Bc5 14. Bh6 Bf8 15. Bg7 Bxg7 16. fxg7 Rhg8 17. Bxg8 Rxg8 18. Nc3 Rxg7 19. 0-0-0 Rf7 20. f3 Nc4 21. Rhe1 d5 22. b3 Nd6 23. Rd4 Kb8 24. Ra4 Kb7 25. Rb4+ Kc8 26. Rd4 Nf5 27. Ra4 Re7 28. Rxe7 Nxe7 29. Rxa6 Kb7 30. Ra4 Nf5 31. g4 Ne3 32. Kd2 Nf1+ 33. Ke2 Nxh2 34. Kf2 a6 35. Kg2 Nxf3 36. Kxf3 h5 37. gxh5 gxh5 38. Rh4 Kb6 39. b4 c5 40. Nxd5+ Kb5 41. a3 c4 42. Nxc7+ Ka4 43. Re4 Kxa3 44. b5 axb5 45. Nxb5+ Kb2 46. Rh4 Kxc2 47. Ke4 Kb3 48. Kd5 Kc2 49. Rh3 Kb2 50. Rc3 Kb1 51. Kd4 Kb2 52. Ke3 Kb1 53. Kd2 h4 54. Rc2 h3 55. Kc3 1-0

[Event "GER-chT North U12"]
[Site "Magdeburg"]
[Date "2013.09.14"]
[Round "5.4"]
[White "Huebener, Tim"]
[Black "Scharf, Dennis"]
[Result "1/2-1/2"]
[WhiteElo "938"]
[BlackElo "1042"]
[PlyCount "109"]
[EventDate "2013.09.12"]
[EventType "team-swiss"]
[EventRounds "7"]
[EventCountry "GER"]
[SourceTitle "EXT 2014"]
[Source "ChessBase"]
[SourceDate "2013.11.20"]
[SourceVersion "1"]
[SourceVersionDate "2013.11.20"]
[SourceQuality "1"]
[WhiteTeam "Weissenfels Roland"]
[BlackTeam "Magdeburg Schachzwerge"]
[WhiteTeamCountry "GER"]
[BlackTeamCountry "GER"]

1. e4 e5 2. Nf3 Nc6 3. d4 exd4 4. Nxd4 Bc5 5. Nxc6 bxc6 6. Nc3 Nf6 7. Bg5 h6 8. Bh4 Bb7 9. e5 Qe7 10. Qe2 g5 11. Bg3 Nd5 12. Nxd5 cxd5 13. Qb5 Bc6 14. Qd3 d6 15. Qa6 Bd7 16. Bb5 Rd8 17. 0-0 Bd4 18. exd6 Bxb5 19. Qxb5+ Qd7 20. Rfe1+ Kf8 21. Qxd7 Rxd7 22. dxc7 Kg7 23. c3 Bf6 24. Re2 d4 25. cxd4 Rxd4 26. h3 h5 27. Rae1 h4 28. Bh2 g4 29. hxg4 Rxg4 30. Re8 Rxe8 31. Rxe8 Rd4 32. Kf1 Rd1+ 33. Ke2 Rc1 34. c8Q Rxc8 35. Rxc8 Bxb2 36. Rc7 Bd4 37. Re7 Kg6 38. Kd3 Bc5 39. Re2 f5 40. Bf4 Kh5 41. f3 a5 42. Re5 Bb6 43. Rxf5+ Kg6 44. Rg5+ Kf6 45. Rh5 Bf2 46. Rxa5 Be1 47. Bd2 Bg3 48. a4 Bc7 49. Rc5 Bb6 50. Rc6+ Ke5 51. Rxb6 Kd5 52. f4 Kc5 53. Be3+ Kd5 54. a5 h3 55. gxh3 1/2-1/2